[Event "10th LCC FIDE Open 2018"]
[Site "London"]
[Date "2018.12.15"]
[Round "8"]
[White "Haribalu, V.."]
[Black "Eggleston, David J"]
[Result "0-1"]
[WhiteElo "2208"]
[BlackElo "2397"]
[Annotator "TA"]
[PlyCount "232"]
[EventDate "2018.12.09"]
[EventType "swiss"]
[EventCountry "ENG"]
[SourceTitle "playchess.com"]
[Source "ChessBase"]
[SourceQuality "1"]

{[%evp 9,232,-28,-17,-28,-29,-24,-21,-39,-39,-55,-46,-75,-42,-33,-19,-47,-41,-149,-141,-237,-133,-149,44,44,45,29,62,71,54,65,66,48,53,44,53,39,51,62,47,25,10,0,0,0,0,0,0,0,0,0,0,0,0,0,0,0,0,0,0,0,0,-56,0,-57,-65,-209,-209,-164,-131,-126,-124,-124,-108,-80,-72,-114,-75,-80,-58,-485,-185,-424,-312,-312,-312,-304,-264,-335,-335,-335,-335,-335,-335,-335,-335,-335,-8,-8,0,-8,0,0,0,-8,-8,-8,-8,-264,-88,-336,-264,-336,-336,-336,-336,-336,-336,-336,-336,-336,-336,-336,-336,-1588,-885,-1839,-343,-1254,-1837,-2248,-1048,-369,-336,-336,-336,-1163,-336,-654,-336,-336,-336,-798,-336,-336,-336,-336,0,-336,-336,-336,-336,-1048,-2435,-1957,-885,-336,-336,-3980,-2462,-12503,-11126,-8530,-12503,-29981,-1616,-6072,-5971,-5108,-1280,-5179,-4939,-1880,-2300,-1410,-336,-1083,-1020,-1040,-336,-374,-351,-3405,-5578,-5237,-336,-2665,-336,-336,-336,-6527,-336,-336,-336,-29948,-29955,-12660,-336,-29972,-29974,-29971,-29972,-29972,-29973,-29973,-29974,-29974,-29975,-29975,-29974,-29968,-29978,-29980,-29981,-29981,-29982,-29982,-29981,-29981,0,-29982,-29983,-29983,-29983,-29998,-29999]} 1. d4 Nf6 2. Bf4 b6 (2... c5 3. e3 Qb6 4. Nc3 a6 5. Bc4 cxd4 6. exd4 e6 7. Nge2 d5 8. Bb3 Bd7 9. O-O Be7 10. Qe1 O-O 11. Rd1 Nc6 {1-0 (23) Aronian,L (2767)-Giri,A (2782) chess.com INT 2018}) 3. c3 Bb7 4. e3 g6 5. h4 d6 6. Nd2 {A45: Trompowsky Attack} Nbd7 7. Ngf3 Bg7 8. Bd3 $146 {The position is equal.} ({Predecessor:} 8. Bc4 e6 9. Qe2 h6 10. e4 e5 11. dxe5 {1-0 (54) Kamsky,G (2675)-Ovchinnikov,V (2343) St Petersburg 2018}) 8... O-O 9. e4 e5 10. Bg5 Qe8 11. Qe2 h6 12. dxe5 Ng4 13. exd6 (13. Bf4 $15 dxe5 14. Bg3) 13... hxg5 $17 14. Nxg5 (14. dxc7 $17 gxh4 15. Nxh4) 14... Nde5 (14... Nge5 $19 15. dxc7 Nxd3+ 16. Qxd3 Nc5) 15. Bb5 Bc6 $2 (15... c6 $1 $17 {[%cal Rc6b5]} 16. Ba4 Nf6) 16. Bxc6 $14 Qxc6 17. f4 Qxd6 18. fxe5 Nxe5 19. O-O-O Rad8 20. Ndf3 Qc5 21. Nxe5 Rxd1+ 22. Rxd1 Qxe5 23. Kb1 Qf4 24. g4 Qg3 25. Rh1 Bf6 $1 26. Qf3 Qe5 27. Qe3 Re8 28. Re1 Bxg5 29. hxg5 $11 {[%mdl 4096] Endgame KQR-KQR} c5 30. Ka1 b5 31. a3 a5 32. Rh1 b4 33. cxb4 axb4 34. Qh3 $1 {[%cal Rh3h7] Threatens to win with Qh7+.} Qg7 35. Kb1 (35. a4 $11) 35... Rxe4 (35... bxa3 $1 $15 36. Qxa3 Qe5) 36. Qf3 (36. Qh2 $11 Qe5 37. Qxe5 Rxe5 38. Kc2) 36... Qe5 $15 37. axb4 ({Better is} 37. Qd3 $15) 37... Rxb4 $19 {[%csl Gb4][%cal Re5b2]} ({Don't take} 37... cxb4 38. Ka1 $15) 38. Qg2 Qe4+ 39. Qxe4 Rxe4 $17 {KR-KR} 40. Rc1 Re5 $1 ({Much weaker is} 40... Rxg4 $6 41. Rxc5 Kf8 42. Kc2 $11) 41. Kc2 Rxg5 42. Kd3 Rxg4 43. Rxc5 Kg7 44. Rc6 $2 {[%mdl 8192]} ({White has to play} 44. Kc3 $1 $15) 44... f5 $2 (44... Rb4 45. Kc3 Rb8) 45. Rb6 $2 (45. Rc1) 45... Kh6 $19 46. b4 Kg5 47. b5 Rg3+ 48. Kd2 f4 49. Rc6 Kf5 50. Rc4 Rb3 51. Rc5+ Ke4 52. Kc2 Kd4 $2 (52... Rb4 $1 $19 53. Rg5 Ke3 54. Re5+ Kd4) 53. Rg5 $1 $11 Rg3 54. Rxg3 fxg3 {KPP-KP} 55. b6 g2 56. b7 $132 {[%mdl 2048] White puts up resistance} g1=Q (56... Ke4 $5) 57. b8=Q {White wants to mate with Qb6+. KQ-KQ} Qf2+ 58. Kb3 $2 {[%mdl 8192]} (58. Kd1 $11 {and White is okay.} Qf1+ 59. Kd2) 58... Qf3+ $2 (58... Qe3+ $19 {is more deadly.} 59. Kc2 g5 60. Qa7+ Ke4 61. Qh7+ Kf4 62. Qh2+ Qg3) 59. Ka2 $2 (59. Kb2 $17 {was forced.}) 59... Qd5+ 60. Kb2 g5 61. Qb6+ Ke4 62. Qg6+ Kf4 63. Qf6+ Kg3 64. Qc3+ Qf3 65. Qe5+ Qf4 66. Qe7 $2 (66. Qe6) 66... g4 $19 67. Kc2 Kg2 $2 (67... Kf3 68. Kd3 Qf5+ 69. Kd4 g3 70. Qb7+ Kf2 71. Qb2+ Kg1 72. Qc1+ Qf1) 68. Kb3 $2 (68. Kd3) 68... g3 69. Qe1 Qf2 (69... Kh2 $142 70. Qe6 g2) 70. Qe5 Qf3+ 71. Ka4 Qd3 72. Qf4 $2 (72. Ka5) 72... Qd5 73. Qg4 $2 (73. Qf6) 73... Qf3 74. Qd4 Kf1 75. Qc4+ $2 (75. Qa1+ Kf2 76. Qb2+ Qe2 77. Qf6+ Kg1 78. Qb6+ Qf2 79. Qb1+ Qf1 80. Qb6+ Kh2 81. Qh6+ Qh3 82. Qd6) 75... Ke1 (75... Kf2 $142 {Strongly threatening ...g2.} 76. Qc5+ Ke2 77. Qe5+ Qe3 78. Qh5+ Kd2) 76. Qb4+ Ke2 77. Qb2+ Ke3 $2 (77... Kf1 $1 $19 78. Qc1+ Ke2 79. Qb2+ Ke1 80. Qe5+ Kf2 81. Qb2+ Qe2 82. Qf6+ Kg1 83. Qb6+ Qf2 84. Qb1+ Qf1 85. Qb6+ Qf2 86. Qb1+ Kh2 87. Qh7+ Kg1 88. Qb1+) 78. Qc1+ $2 {[%mdl 8192]} (78. Qb6+ $11 Ke2 79. Qb2+ Ke3 80. Qb6+ Kd2 81. Qb2+ Ke3) 78... Kd4 {And now ...g2 would win.} 79. Qb2+ {[#]} Qc3 $1 {[%cal Rc3b2]} 80. Qb6+ Kd3 81. Qg6+ Kd2 82. Qg5+ Kc2 {White must now prevent ...Qc6+.} 83. Qf5+ $2 (83. Kb5) 83... Qd3 84. Qc5+ Kb1 85. Qg1+ Kb2 86. Qb6+ Ka2 (86... Kc1 $142 87. Qh6+ Qd2 88. Qh8 Qa2+ 89. Kb4 Qb2+ 90. Qxb2+ Kxb2 91. Kc5 g2 92. Kd6 g1=Q 93. Kd7 Qg6 94. Kc8 Qg7 95. Kd8 Kc3 96. Kc8 Kb4 97. Kd8 Kc5 98. Ke8 Kd6 99. Kd8 Qh8#) 87. Qe6+ Ka1 88. Qe1+ Kb2 {( -> ...Qb3+)} 89. Qb4+ Kc1 90. Qf4+ Kd1 91. Qg4+ Ke1 $2 (91... Kc2 92. Qc8+ Kb1 93. Qb8+ Kc1 94. Qf4+ Kc2) 92. Qh4 $2 (92. Qb4+ Kd1 93. Qg4+ Kc1 94. Qf4+ Kd1 95. Qg4+) 92... Qa6+ 93. Kb4 Qb6+ 94. Ka4 Qe3 95. Qh1+ $2 (95. Ka5) 95... Kf2 96. Qh4 Kg1 $2 (96... Qe5 97. Kb3 Kf3) 97. Qh7 $2 (97. Qc4) 97... Qe8+ $2 (97... g2 98. Ka5 Qe5+ 99. Ka6 Kf1 100. Qf7+ Ke2 101. Qa2+ Kf1 102. Qf7+ Ke1) 98. Ka5 Qe5+ 99. Ka4 $2 (99. Kb6) 99... Qa1+ $2 (99... g2 100. Qf7 Kh2) 100. Kb5 g2 101. Qh4 $2 (101. Kb6 $19) 101... Qe5+ 102. Ka4 Qe3 103. Qg4 $2 (103. Qf6 $19) 103... Kf2 104. Qh4+ Kf1 105. Qc4+ {[#]} Ke1 $1 106. Qb4+ Kd1 107. Qg4+ Qe2 108. Qd4+ Qd2 109. Qg1+ Kc2 110. Qc5+ Kb2 111. Qb6+ Kc1 112. Ka3 Qc3+ 113. Ka2 Qd2+ 114. Ka3 Qd3+ {Black mates.} 115. Ka2 Qd5+ 116. Ka1 Qa8+ {Accuracy: White = 29%, Black = 53%.} 0-1

[Event "10th LCC FIDE Open 2018"]
[Site "London"]
[Date "2018.12.15"]
[Round "8"]
[White "Brooks, Phil J"]
[Black "Thatte, Nishchal"]
[Result "1-0"]
[WhiteElo "2184"]
[BlackElo "1649"]
[Annotator "NA"]
[PlyCount "71"]
[EventDate "2018.12.09"]
[EventType "swiss"]
[EventCountry "ENG"]
[SourceTitle "playchess.com"]
[Source "ChessBase"]
[SourceQuality "1"]
[TimeControl "40/5400+30:1800+30"]

1. d4 {[%emt 0:00:00]} d5 {[%emt 0:00:00]} 2. c4 {[%emt 0:00:00]} e6 {[%emt 0:00:06]} 3. Nc3 {[%emt 0:00:00]} c5 {[%emt 0:00:08]} 4. cxd5 {[%emt 0:00:00]} exd5 {[%emt 0:00:08]} 5. Nf3 {[%emt 0:01:01]} Nc6 {[%emt 0:00:17]} 6. Bg5 {[%emt 0:00:42]} f6 {[%emt 0:10:10]} 7. Bc1 {[%emt 0:01:06]} Bf5 {[%emt 0:05:55]} 8. e3 {[%emt 0:13:10]} Nb4 {[%emt 0:01:34]} 9. Bb5+ {[%emt 0:00:12]} Kf7 {[%emt 0:05:31]} 10. O-O {[%emt 0:05:47]} Nc2 {[%emt 0:01:06]} 11. e4 {[%emt 0:04:38]} Nxa1 {[%emt 0:16:05]} 12. exf5 {[%emt 0:00:09]} Ne7 {[%emt 0:03:19]} 13. Be3 {[%emt 0:03:13]} Nxf5 {[%emt 0:01:20]} 14. Qxa1 {[%emt 0:00:06]} cxd4 {[%emt 0:00:43]} 15. Nxd4 {[%emt 0:01:18]} Nxe3 {[%emt 0:04:16]} 16. fxe3 {[%emt 0:00:03]} Bc5 {[%emt 0:03:36]} 17. Qd1 {[%emt 0:00:16]} Rc8 {[%emt 0:06:06]} 18. Ba4 {[%emt 0:15:01]} Bxd4 {[%emt 0:01:58]} 19. exd4 {[%emt 0:00:05]} Rc7 {[%emt 0:02:09]} 20. Bb3 {[%emt 0:04:09]} Rd7 {[%emt 0:01:04]} 21. Nxd5 {[%emt 0:00:27]} Kf8 {[%emt 0:00:37]} 22. Qh5 {[%emt 0:02:55]} a5 {[%emt 0:02:40]} 23. Nf4 {[%emt 0:02:27]} Qe8 {[%emt 0:01:36]} 24. Qxe8+ {[%emt 0:00:10]} Kxe8 {[%emt 0:00:05]} 25. Ba4 {[%emt 0:00:04]} Kd8 {[%emt 0:00:26]} 26. Ne6+ {[%emt 0:01:42]} Ke7 {[%emt 0:00:24]} 27. Bxd7 {[%emt 0:00:07]} Kxd7 {[%emt 0:00:06]} 28. Nxg7 {[%emt 0:00:09]} Rc8 {[%emt 0:00:05]} 29. h3 {[%emt 0:02:13]} Rc2 {[%emt 0:00:08]} 30. Rf2 {[%emt 0:00:08]} Rc1+ {[%emt 0:00:03]} 31. Kh2 {[%emt 0:00:06]} Rd1 {[%emt 0:00:04]} 32. Nf5 {[%emt 0:00:11]} Ra1 {[%emt 0:01:16]} 33. a3 {[%emt 0:00:41]} Ra2 {[%emt 0:00:05]} 34. Rd2 {[%emt 0:01:50]} Ke6 {[%emt 0:00:18]} 35. d5+ {[%emt 0:01:30]} Kxf5 {[%emt 0:00:22]} 36. d6 {[%emt 0:00:04]} 1-0

[Event "10th LCC FIDE Open 2018"]
[Site "London"]
[Date "2018.12.15"]
[Round "8"]
[White "Lim, Zhuo Ren"]
[Black "Penna, Tommaso"]
[Result "1-0"]
[WhiteElo "2184"]
[BlackElo "1963"]
[Annotator "NA"]
[PlyCount "113"]
[EventDate "2018.12.09"]
[EventType "swiss"]
[EventCountry "ENG"]
[SourceTitle "playchess.com"]
[Source "ChessBase"]
[SourceQuality "1"]
[TimeControl "40/5400+30:1800+30"]

1. Nf3 {[%emt 0:19:53]} d5 {[%emt 0:00:41]} 2. c4 {[%emt 0:00:00]} c6 {[%emt 0:00:26]} 3. d4 {[%emt 0:00:00]} Nf6 {[%emt 0:00:07]} 4. Qc2 {[%emt 0:00:00]} dxc4 {[%emt 0:02:59]} 5. Qxc4 {[%emt 0:00:00]} Bf5 {[%emt 0:00:17]} 6. g3 {[%emt 0:00:03]} e6 {[%emt 0:00:39]} 7. Bg2 {[%emt 0:00:07]} Be7 {[%emt 0:01:04]} 8. O-O {[%emt 0:00:10]} O-O {[%emt 0:02:59]} 9. e3 {[%emt 0:00:09]} Nbd7 {[%emt 0:00:29]} 10. Nc3 {[%emt 0:00:20]} h6 {[%emt 0:10:47]} 11. Qe2 {[%emt 0:00:13]} Bh7 {[%emt 0:01:35]} 12. e4 {[%emt 0:00:36]} Bb4 {[%emt 0:01:00]} 13. Ne5 {[%emt 0:01:37]} Nxe5 {[%emt 0:05:39]} 14. dxe5 {[%emt 0:01:14]} Nd7 {[%emt 0:00:05]} 15. Rd1 {[%emt 0:00:35]} Qc7 {[%emt 0:00:51]} 16. f4 {[%emt 0:00:19]} Rad8 {[%emt 0:01:21]} 17. Be3 {[%emt 0:00:23]} Nb6 {[%emt 0:06:47]} 18. Rac1 {[%emt 0:01:14]} Rxd1+ {[%emt 0:00:22]} 19. Rxd1 {[%emt 0:00:39]} Rd8 {[%emt 0:00:51]} 20. Rd3 {[%emt 0:00:46]} Rxd3 {[%emt 0:09:09]} 21. Qxd3 {[%emt 0:00:03]} Nd5 {[%emt 0:00:12]} 22. Bd2 {[%emt 0:01:51]} Nxc3 {[%emt 0:02:22]} 23. bxc3 {[%emt 0:04:26]} Bc5+ {[%emt 0:02:08]} 24. Kf1 {[%emt 0:00:06]} b5 {[%emt 0:04:43]} 25. Be3 {[%emt 0:03:49]} Bxe3 {[%emt 0:03:06]} 26. Qxe3 {[%emt 0:00:03]} Qd7 {[%emt 0:00:09]} 27. Ke2 {[%emt 0:03:43]} Kf8 {[%emt 0:05:12]} 28. Qc5+ {[%emt 0:07:12]} Ke8 {[%emt 0:00:25]} 29. Qd6 {[%emt 0:03:12]} f6 {[%emt 0:06:54]} 30. Qb8+ {[%emt 0:10:13]} Kf7 {[%emt 0:02:24]} 31. Bf3 {[%emt 0:04:33]} fxe5 {[%emt 0:09:15]} 32. Qxe5 {[%emt 0:00:13]} Qe7 {[%emt 0:04:28]} 33. h4 {[%emt 0:02:28]} c5 {[%emt 0:03:05]} 34. h5 {[%emt 0:00:58]} b4 {[%emt 0:00:48]} 35. cxb4 {[%emt 0:02:58]} cxb4 {[%emt 0:00:06]} 36. Ke3 {[%emt 0:00:18]} Qb7 {[%emt 0:02:08]} 37. Bd1 {[%emt 0:00:42]} Qc6 {[%emt 0:02:40]} 38. Bb3 {[%emt 0:01:11]} Qc3+ {[%emt 0:07:27]} 39. Qxc3 {[%emt 0:00:11]} bxc3 {[%emt 0:00:03]} 40. Kd4 {[%emt 0:01:01]} Kf6 {[%emt 0:01:01]} 41. e5+ {[%emt 0:31:37]} Ke7 {[%emt 0:32:26]} 42. Kxc3 {[%emt 0:00:08]} Bf5 {[%emt 0:00:27]} 43. Bd1 {[%emt 0:00:12]} Kd7 {[%emt 0:01:17]} 44. Kd4 {[%emt 0:02:04]} Kc6 {[%emt 0:00:00]} 45. Be2 {[%emt 0:00:00]} Bh3 {[%emt 0:00:00]} 46. g4 {[%emt 0:00:00]} Kb6 {[%emt 0:00:00]} 47. Bf3 {[%emt 0:00:00]} Bf1 {[%emt 0:00:00]} 48. f5 {[%emt 0:00:00]} exf5 {[%emt 0:00:00]} 49. gxf5 {[%emt 0:00:00]} Bb5 {[%emt 0:00:00]} 50. f6 {[%emt 0:00:00]} gxf6 {[%emt 0:00:00]} 51. exf6 {[%emt 0:00:00]} Be8 {[%emt 0:00:00]} 52. Kd5 {[%emt 0:00:00]} Bf7+ {[%emt 0:00:00]} 53. Kd6 {[%emt 0:00:00]} Kb5 {[%emt 0:00:00]} 54. Bd1 {[%emt 0:00:00]} Bxa2 {[%emt 0:00:00]} 55. Ke7 {[%emt 0:00:00]} Kc6 {[%emt 0:00:00]} 56. Bg4 {[%emt 0:00:00]} Bg8 {[%emt 0:00:00]} 57. Be6 {[%emt 0:00:00] Kd5 [%emt 00:00:18]} 1-0

[Event "10th LCC FIDE Open 2018"]
[Site "London"]
[Date "2018.12.15"]
[Round "8"]
[White "McClement, Andrew"]
[Black "Sowray, Peter J"]
[Result "1/2-1/2"]
[WhiteElo "2182"]
[BlackElo "2342"]
[Annotator "TA"]
[PlyCount "177"]
[EventDate "2018.12.09"]
[EventType "swiss"]
[EventCountry "ENG"]
[SourceTitle "playchess.com"]
[Source "ChessBase"]
[SourceQuality "1"]

{[%evp 21,177,29,31,-8,-12,-7,-23,-12,-6,-72,-35,-75,-93,-83,-38,-136,-140,-136,-129,-145,-93,-104,-69,-85,-57,-62,-42,-76,-59,-60,-58,-64,-48,-55,8,0,0,0,0,0,0,0,19,-3,0,0,-2,0,-2,-17,0,-18,-15,-78,-31,-25,-20,-45,-45,-45,-46,-47,-47,-51,-49,-62,-57,-79,-67,-67,-68,-93,-79,-249,-241,-229,-193,-183,-71,-72,0,-118,-68,-96,-92,-100,-109,-106,-87,-114,-83,-106,-71,-79,-55,-60,-66,-141,-141,-697,-697,-684,-681,-676,-676,-547,-493,-493,-433,-29971,-29971,-29971,-29973,-29974,-29973,-29974,-29975,-29975,-29976,-29978,-29974,-29974,0,-29978,-29979,-29978,-29971,-29970,-29971,-29981,-29982,-29982,-29976,-29976,0,-29982,-29975,-29975,-29976,-29976,-29977,-29979,-29978,-29978,-29979,-29979,-29980,-29980,-29981,-29981,-29981,-29981,0,0,0,0,0,0]} 1. e4 e5 2. Nf3 Nc6 3. Bb5 a6 4. Ba4 Nf6 5. O-O Be7 6. Re1 b5 7. Bb3 d6 8. c3 O-O 9. h3 Nb8 10. d4 Nbd7 11. a4 Bb7 {LiveBook: 40 Games. C95: Closed Ruy Lopez: Breyer Variation with 10 d4} 12. Qd3 (12. Bc2 {with more complications.} c5 13. d5 c4 14. Nbd2 Nc5 15. Nf1) (12. Bc2 Re8 13. Bd3 b4 14. cxb4 d5 15. Nxe5 Bxb4 16. Nxd7 Qxd7 17. e5 Bxe1 18. exf6 g6 19. Bf4 Bb4 20. Nd2 {½-½ (105) Zhigalko,A (2619)-Efimenko,Z (2657) Warsaw 2013}) 12... c5 13. axb5 axb5 14. Rxa8 Qxa8 15. Qxb5 (15. Bc2 $11) 15... Bxe4 {aiming for ...Rb8.} 16. Nbd2 $146 ({Predecessor:} 16. dxe5 Nxe5 17. Nxe5 dxe5 18. f3 Bxb1 {0-1 (18) Csernyiczky,L (1961)-Csire,B (2080) Hungary 2016}) 16... Bc6 {[%cal Be4c6,Bc6b5,Bb5d3][%mdl 32]} 17. Qe2 {[%cal Rd4e5]} e4 18. Nh2 ({White should try} 18. dxc5 $15 Nxc5 19. Nd4) 18... cxd4 $17 19. cxd4 d5 20. Nb1 Qb7 (20... Rb8 $142 21. Qc2 Nf8) 21. Qc2 Bb5 22. Nc3 Bd3 23. Qd1 Rb8 24. Ba2 Nb6 25. Ng4 Nxg4 26. Qxg4 Bf6 27. Qf5 {[%cal Ra2d5]} Qc8 (27... Bxd4 $15 28. Bxd5 Nxd5 29. Qxd5 Qxd5 30. Nxd5 Rb3) 28. Qxc8+ Rxc8 29. Be3 Bc4 30. Bxc4 Rxc4 31. Ra1 {Black must now prevent Nxd5!} h6 32. Ra5 Bxd4 33. Bxd4 Rxd4 $11 {[%mdl 4096] Endgame KRN-KRN} 34. Rb5 Nc4 35. Nxd5 Rd1+ 36. Kh2 Rd2 37. Kg3 (37. Ne7+ $11 Kf8 38. Nf5 Rxb2 39. Rxb2 Nxb2 40. Nd6) 37... Nxb2 38. Nc3 {[#]} f5 $1 {[%mdl 512]} 39. Nb1 {[#]} (39. Rxf5 Rd3+) 39... f4+ $1 {[%mdl 576] Decoy} 40. Kxf4 Rxf2+ 41. Kxe4 Rxg2 42. Kf3 Rc2 43. Rb7 Nc4 44. Kg4 Nd6 45. Rd7 Ne4 46. Rb7 Kh7 47. Re7 $2 (47. Kf3 $17 Ng5+ 48. Kg3) 47... Nf6+ $19 48. Kg3 Kg6 49. Rb7 {[#]} Kh5 (49... Nh5+ $1 $19 {has better winning chances.} 50. Kf3 Rh2 51. Rb6+ Kg5 52. Rb5+ Kh4 53. Rb4+ Kxh3) 50. Rb5+ $17 Kg6 (50... g5 $17 {And now ...Ne4+ would win.} 51. h4 Ra2 52. hxg5 hxg5) 51. Kf3 (51. Rb7 $1 $11 {keeps the balance.}) 51... Nh7 52. Kg4 Rc4+ 53. Kg3 Ng5 54. Rb3 Ne4+ 55. Kg2 Kh5 56. Na3 Rc1 57. Rb4 Ng5 {Hoping for ...Rc3.} 58. Nb5 Rd1 59. Rb3 ({Better is} 59. h4 $15) 59... Ne6 60. Nc3 $2 {[%mdl 8192]} (60. Kg3 $17) 60... Rd3 $19 61. Rb5+ g5 62. Ne4 Nf4+ 63. Kh2 Rxh3+ 64. Kg1 Re3 65. Nf2 (65. Nd6 $19 Kg4 66. Nf5 Re1+ 67. Kh2 Re2+ 68. Kg1 Re1+ 69. Kh2) 65... Nh3+ 66. Nxh3 Rxh3 {KR-KR} 67. Kg2 Ra3 68. Rb6 g4 69. Rc6 Kg5 70. Rb6 Ra2+ 71. Kg3 Ra3+ 72. Kg2 $1 h5 {[%cal Bh6h5,Bh5h4,Bh4h3][%mdl 32]} 73. Rb2 Ra5 74. Rc2 h4 75. Rc8 Ra2+ 76. Kg1 Ra1+ 77. Kg2 Ra2+ 78. Kg1 $1 h3 79. Rc5+ Kh4 80. Rc4 Re2 81. Rc8 Kg3 {[%cal Re2e1]} 82. Rc3+ {[#]} Kf4 $1 83. Rc8 g3 {[%cal Re2e1]} 84. Rf8+ Ke3 85. Re8+ Kd2 86. Rd8+ Ke1 $2 (86... Kc3 {mates} 87. Rc8+ Kd4 88. Rd8+ Kc3 89. Rc8+ Kb4 90. Rb8+ Kc5 91. Rc8+ Kd6 92. Rd8+ Kc7 93. Rd1 Kc6 94. Kh1 Rf2 95. Ra1 Kd5 96. Kg1 Ke4 97. Rb1 Kf3 98. Kh1 Kg4 99. Re1 Rf4 100. Rg1 Rc4 101. Rd1 h2 102. Kg2 Rc2+ 103. Kh1 Kh3 104. Rd3 Rc1+ 105. Rd1 Rxd1#) 87. Rd3 $1 $11 {The position is equal.} Rg2+ 88. Kh1 Ke2 {( -> ...Rh2+)} 89. Rd2+ {Accuracy: White = 36%, Black = 62%.} 1/2-1/2

[Event "10th LCC FIDE Open 2018"]
[Site "London"]
[Date "2018.12.15"]
[Round "8"]
[White "Keetman, Maaike"]
[Black "Derakhshani, Borna"]
[Result "0-1"]
[WhiteElo "2173"]
[BlackElo "2325"]
[Annotator "NA"]
[PlyCount "112"]
[EventDate "2018.12.09"]
[EventType "swiss"]
[EventCountry "ENG"]
[SourceTitle "playchess.com"]
[Source "ChessBase"]
[SourceQuality "1"]
[TimeControl "40/5400+30:1800+30"]

1. e4 {[%emt 0:01:31]} c6 {[%emt 0:01:19]} 2. d4 {[%emt 0:00:16]} d5 {[%emt 0:00:41]} 3. Nd2 {[%emt 0:00:12]} g6 {[%emt 0:03:12]} 4. h3 {[%emt 0:01:25]} Bg7 {[%emt 0:00:23]} 5. Ngf3 {[%emt 0:00:28]} Nd7 {[%emt 0:03:01]} 6. c3 {[%emt 0:03:50]} dxe4 {[%emt 0:01:47]} 7. Nxe4 {[%emt 0:00:18]} Ngf6 {[%emt 0:00:05]} 8. Nxf6+ {[%emt 0:01:59]} Nxf6 {[%emt 0:00:06]} 9. Bd3 {[%emt 0:00:28]} O-O {[%emt 0:00:54]} 10. O-O {[%emt 0:00:33]} Qc7 {[%emt 0:01:01]} 11. Re1 {[%emt 0:03:16]} b6 {[%emt 0:04:22]} 12. Ne5 {[%emt 0:08:51]} Bb7 {[%emt 0:02:41]} 13. Bf4 {[%emt 0:03:08]} Qc8 {[%emt 0:02:55]} 14. Qb3 {[%emt 0:04:56]} Nd5 {[%emt 0:02:31]} 15. Bg3 {[%emt 0:01:42]} a5 {[%emt 0:03:33]} 16. c4 {[%emt 0:08:00]} Nb4 {[%emt 0:00:54]} 17. Be4 {[%emt 0:10:12]} c5 {[%emt 0:04:50]} 18. Bxb7 {[%emt 0:13:18]} Qxb7 {[%emt 0:00:05]} 19. a3 {[%emt 0:00:11]} a4 {[%emt 0:01:25]} 20. Qd1 {[%emt 0:00:18]} Nc6 {[%emt 0:10:07]} 21. Qf3 {[%emt 0:03:08]} Bxe5 {[%emt 0:07:35]} 22. Bxe5 {[%emt 0:01:12]} f6 {[%emt 0:00:40]} 23. Bf4 {[%emt 0:02:42]} cxd4 {[%emt 0:00:56]} 24. Re6 {[%emt 0:01:25]} Nd8 {[%emt 0:12:41]} 25. Qxb7 {[%emt 0:02:29]} Nxb7 {[%emt 0:00:04]} 26. Rxe7 {[%emt 0:00:56]} Na5 {[%emt 0:00:10]} 27. Rd1 {[%emt 0:01:21]} Rac8 {[%emt 0:09:14]} 28. Bc7 {[%emt 0:03:35]} Rf7 {[%emt 0:04:18]} 29. Rxf7 {[%emt 0:01:19]} Kxf7 {[%emt 0:00:01]} 30. Bxb6 {[%emt 0:00:17]} Nxc4 {[%emt 0:00:04]} 31. Ba7 {[%emt 0:05:01]} Nxb2 {[%emt 0:00:44]} 32. Rxd4 {[%emt 0:00:31]} Rc3 {[%emt 0:08:27]} 33. Rb4 {[%emt 0:07:55]} Rb3 {[%emt 0:07:30]} 34. Bd4 {[%emt 0:02:35]} Rxb4 {[%emt 0:00:19]} 35. axb4 {[%emt 0:00:01]} a3 {[%emt 0:00:58]} 36. b5 {[%emt 0:00:23]} Ke6 {[%emt 0:02:16]} 37. b6 {[%emt 0:00:09]} Kd7 {[%emt 0:00:35]} 38. Kf1 {[%emt 0:02:19]} f5 {[%emt 0:00:46]} 39. Ke2 {[%emt 0:00:18]} Kc6 {[%emt 0:00:19]} 40. Kd2 {[%emt 0:00:40]} Nc4+ {[%emt 0:00:27]} 41. Kc3 {[%emt 0:30:31]} Nxb6 {[%emt 0:30:15]} 42. Kb3 {[%emt 0:00:17]} Nd5 {[%emt 0:01:21]} 43. Be5 {[%emt 0:01:17]} Kc5 {[%emt 0:00:20]} 44. Kxa3 {[%emt 0:00:00]} Kc4 {[%emt 0:00:00]} 45. Ka4 {[%emt 0:00:00]} Nb4 {[%emt 0:16:00]} 46. Bc7 {[%emt 0:00:00]} Nd3 {[%emt 0:00:00]} 47. f4 {[%emt 0:00:00]} Kd4 {[%emt 0:00:00]} 48. Kb5 {[%emt 0:00:00]} Ke4 {[%emt 0:00:00]} 49. g3 {[%emt 0:00:00]} Kf3 {[%emt 0:00:00]} 50. Kc4 {[%emt 0:00:00]} Nf2 {[%emt 0:00:00]} 51. Kd5 {[%emt 0:00:00]} Nxh3 {[%emt 0:00:00]} 52. Ke6 {[%emt 0:00:00]} Kxg3 {[%emt 0:00:00]} 53. Kf6 {[%emt 0:00:00]} Kg4 {[%emt 0:00:00]} 54. Kg7 {[%emt 0:00:08]} Nxf4 {[%emt 0:00:00]} 55. Kxh7 {[%emt 0:00:07]} g5 {[%emt 0:00:00]} 56. Kh6 {[%emt 0:01:52]} Nh3 {[%emt 0:00:00]} 0-1